Бесприданница: пьесы

Dettagli Bibliografici
Autore principale: Островский А. Н. Александр Николаевич
Riassunto:Вечная история об обманутой любви, несбывшихся надеждах, справедливо названная в кино «жестоким романсом», — такова пьеса А. Н. Островского «Бесприданница». Написанная в XIX веке, она ничуть не устарела. Как и все остальные знаменитые пьесы замечательного драматурга, составившие эту книгу.
Lingua:russo
Pubblicazione: Москва, Эксмо, 2005
Serie:Русская классика
Soggetti:
Natura: MixedMaterials Libro
KOHA link:https://koha.lib.tpu.ru/cgi-bin/koha/opac-detail.pl?biblionumber=104247

MARC

LEADER 00000nam0a2200000 4500
001 104247
005 20231101214533.0
010 |a 504001645X 
035 |a (RuTPU)RU\TPU\book\112364 
090 |a 104247 
100 |a 20061030d2005 m y0rusy50 ca 
101 0 |a rus 
102 |a RU 
105 |a y z 000by 
200 1 |a Бесприданница  |e пьесы  |f А. Н. Островский 
210 |a Москва  |c Эксмо  |d 2005 
215 |a 624 с. 
225 1 |a Русская классика 
330 |a Вечная история об обманутой любви, несбывшихся надеждах, справедливо названная в кино «жестоким романсом», — такова пьеса А. Н. Островского «Бесприданница». Написанная в XIX веке, она ничуть не устарела. Как и все остальные знаменитые пьесы замечательного драматурга, составившие эту книгу. 
610 1 |a русская литература 
610 1 |a драматургия 
610 1 |a пьесы 
675 |a Р1  |v 3 
700 1 |a Островский  |b А. Н.  |c русский драматург  |c член-корреспондент Петербургской АН  |f 1823-1886  |g Александр Николаевич  |2 stltpush  |3 (RuTPU)RU\TPU\pers\355  |9 173 
801 1 |a RU  |b 63413507  |c 20061030  |g PSBO 
801 2 |a RU  |b 63413507  |c 20180322  |g PSBO 
942 |c BK